000 00897nam a2200253 i 4500
001 105427
003 ES-MaACL
005 20250510180015.0
007 t|
008 060711s1948 xxu ||||1| eng d
080 _a929 Lenin, Vladimir Il'ich
080 _a929 Trotsky, Leon
080 _a929 Stalin, Iosif Vissarionovich
100 1 _aWolfe, Bertram D.
_9117244
245 1 0 _aThree who made a revolution
_b: a biographical history /
_cby Bertram D. Wolfe.
260 _aNew York :
_bThe Dial Press,
_c1948.
300 _a661 p. [4] p. de retr. ;
_c22 cm.
500 _aBiblioteca Juan Andrade.
600 1 4 _aLenin, Vladimir Il'ich,
_d1870-1924
_971523
600 1 4 _aTrotsky, Leon,
_d1879-1940
_9240350
600 1 4 _aStalin, Iosif Vissarionovich,
_d1879-1953
_9107862
852 _aES-MaACL
_jAND-222
_bR.109542
_q. - Ded. autógr. del autor
999 _c105427
_d105427